000 00458cam a2200145 4500
082 _a973.7
_bFLE
100 1 _aFletcher, H. C.
_950269
245 1 0 _aHistory of the American war /
_cby Lieut.-Colonel Fletcher.
260 _aLondon :
_bR. Bentley,
_c1865-66.
300 _a3 v. :
_bfronts. (v.2,3) maps (1 fold.) ;
_c23 cm.
526 _a0
_b0
_c0
_d973_700000000000000_FLE
526 _a0
_b0
_c0
_d973_700000000000000_FLE
650 _aMCE
_9379
942 _2ddc
_cBK
999 _c552993
_d552993